National days - Statistics

General Stats
  • This quiz has been taken 23 times
  • The average score is 4 of 11
Answer Stats
Hint Answer % Correct
4 July United States
100%
16 September Mexico
67%
12 October Spain
57%
7 September Brazil
52%
2 June Italy
43%
6 February New Zealand
29%
21 July Belgium
24%
28-29 October Turkey
24%
2 December Laos
10%
4 October Lesotho
5%
1 October Palau
5%
No matching quizzes found
Score Distribution
Percent of People with Each Score
Percentile by Number Answered
Your Score History
You have not taken this quiz